Odgadnij państwo po jednej podpowiedzi #2 - Statystyki

Ogólne statystyki
  • Ten quiz został rozwiązany 128 razy
  • Średni wynik to 7 z 12
Statystyki odpowiedzi
Podpowiedź Państwo % Poprawnych
Jedyne państwo na literę,,O'' Oman
97%
Państwo ,które ma najwięcej gwiazd w swojej fladze Stany Zjednoczone Ameryki
86%
Państwo z ,którego pochodziTikTok Chiny
85%
Państwo ,które jest podzielone na Turków i Greków Cypr
70%
Państwo wysunięte najbardziejna północ (Nie licząc terytoriów zamorskich i Grenlandii) Kanada
70%
Państwo pierwsze w kolejności alfabetycznej Afganistan
67%
Najmłodsze państwo na świecie Sudan Południowy
67%
Kraj w ,którym żyją Aborygeni Australia
60%
Państwo ,które ma najstarszą flagę na świecie Dania
40%
Jedyne państwo bez kolorów:Niebieski,Czerwony i Biały Jamajka
37%
Państwo ,którego stolicą jest Freetown Sierra leone
35%
Najmniejsze państwo w Azji Malediwy
34%
Nie znaleziono quizów pasujących do podanych kryteriów
Rozkład punktacji
Procent ludzi z każdym wynikiem
Percentyl według liczby udzielonych odpowiedzi
Twoja historia wyników
Nie rozwiązałeś tego quizu